Globalising the Regional, Regionalising the Global / (Record no. 13628)
[ view plain ]
| 000 -LEADER | |
|---|---|
| fixed length control field | 02581cam a2200373 a 4500 |
| 001 - CONTROL NUMBER | |
| control field | 15882418 |
| 005 - DATE AND TIME OF LATEST TRANSACTION | |
| control field | 20100217123737.0 |
| 008 - FIXED-LENGTH DATA ELEMENTS--GENERAL INFORMATION | |
| fixed length control field | 090826s2009 enka |rb 001 0 eng |
| 010 ## - LIBRARY OF CONGRESS CONTROL NUMBER | |
| LC control number | 2009502275 |
| 015 ## - NATIONAL BIBLIOGRAPHY NUMBER | |
| National bibliography number | GBA955846 |
| Source | bnb |
| 016 7# - NATIONAL BIBLIOGRAPHIC AGENCY CONTROL NUMBER | |
| Record control number | 015285013 |
| Source | Uk |
| 020 ## - INTERNATIONAL STANDARD BOOK NUMBER | |
| International Standard Book Number | 9780521759885 (pbk.) |
| 035 ## - SYSTEM CONTROL NUMBER | |
| System control number | (OCoLC)ocn308195450 |
| 040 ## - CATALOGING SOURCE | |
| Original cataloging agency | UKM |
| Transcribing agency | UKM |
| Modifying agency | BTCTA |
| -- | CRU |
| -- | BWK |
| -- | BWX |
| -- | SDB |
| -- | DLC |
| 042 ## - AUTHENTICATION CODE | |
| Authentication code | ukscp |
| -- | lccopycat |
| 050 00 - LIBRARY OF CONGRESS CALL NUMBER | |
| Classification number | JZ1320 |
| Item number | .G565 2005 |
| 082 ## - DEWEY DECIMAL CLASSIFICATION NUMBER | |
| Edition number | 22 |
| Classification number | 327.114 |
| Item number | GLO |
| 245 00 - TITLE STATEMENT | |
| Title | Globalising the Regional, Regionalising the Global / |
| Statement of responsibility, etc | Edited by Rick Fawn. |
| 260 ## - PUBLICATION, DISTRIBUTION, ETC. (IMPRINT) | |
| Place of publication, distribution, etc | Cambridge ; |
| -- | New York : |
| Name of publisher, distributor, etc | Cambridge University Press, 2009 |
| Date of publication, distribution, etc | 2009. |
| 300 ## - PHYSICAL DESCRIPTION | |
| Extent | vi, 261 p. : |
| Other physical details | ill. ; |
| Dimensions | 25 cm. |
| 500 ## - GENERAL NOTE | |
| General note | Originally published as: Review of international studies ; v. 35, Special issue, February 2009. |
| 504 ## - BIBLIOGRAPHY, ETC. NOTE | |
| Bibliography, etc | Includes bibliographical references and index. |
| 505 0# - FORMATTED CONTENTS NOTE | |
| Formatted contents note | 'Regions' and their study: where from, what for and whereto? / Rick Fawn -- Regional hierarchy: authority and local international order / David A. Lake -- When security community meets balance of power: overlapping regional mechanisms of security governance / Emanuel Adler, Patricia Greve -- Between the revisionist state and the frontier state: regional variations in state war-propensity / Benjamin Miller -- The resurgence of the 'region' and 'regional identity': theoretical perspectives and empirical observations on regional dynamics in Europe / Anssi Paasi -- The contradictions of regionalism in North America / Ann Capling, Kim Richard Nossal -- Latin America: contrasting motivations for regional projects / Diana Tussie -- The southern African security order: regional economic integration and security among developing states / James J. Hentz -- East Asian regionalism: much ado about nothing? / John Ravenhill -- The Commonwealth of Independent States: an example of failed regionalism? / Paul Kubicek. |
| 650 #0 - SUBJECT ADDED ENTRY--TOPICAL TERM | |
| Topical term or geographic name as entry element | Globalization |
| General subdivision | Political aspects. |
| 9 (RLIN) | 12452 |
| 650 #0 - SUBJECT ADDED ENTRY--TOPICAL TERM | |
| Topical term or geographic name as entry element | Regionalism (International organization) |
| 9 (RLIN) | 12453 |
| 650 #0 - SUBJECT ADDED ENTRY--TOPICAL TERM | |
| Topical term or geographic name as entry element | International organization. |
| 9 (RLIN) | 12454 |
| 650 #0 - SUBJECT ADDED ENTRY--TOPICAL TERM | |
| Topical term or geographic name as entry element | Interregionalism. |
| 9 (RLIN) | 12455 |
| 650 #0 - SUBJECT ADDED ENTRY--TOPICAL TERM | |
| Topical term or geographic name as entry element | Security, International. |
| 9 (RLIN) | 12456 |
| 700 1# - ADDED ENTRY--PERSONAL NAME | |
| Personal name | Fawn, Rick. |
| 9 (RLIN) | 12457 |
| 730 0# - ADDED ENTRY--UNIFORM TITLE | |
| Uniform title | Review of international studies. |
| Number of part/section of a work | v. 35 (Special issue) |
| 9 (RLIN) | 12458 |
| 942 ## - ADDED ENTRY ELEMENTS (KOHA) | |
| Source of classification or shelving scheme | Dewey Decimal Classification |
| Item type | Book - Borrowing |
| Withdrawn status | Item status | Source of classification or shelving scheme | Damaged status | Not for loan | Vendor | Home library | Current library | Shelving location | Date acquired | Source of acquisition | Cost, normal purchase price | Serial Enumeration / chronology | Total Checkouts | Total Renewals | Full call number | Barcode | Date last seen | Date last borrowed | Koha item type |
|---|---|---|---|---|---|---|---|---|---|---|---|---|---|---|---|---|---|---|---|
| Dewey Decimal Classification | MERIC | Central Library | Central Library | First floor | 10/03/2010 | 265.50 | 10029 | 2 | 2 | 327.114 GLO | 000020162 | 15/07/2025 | 23/10/2017 | Book - Borrowing |